000 01514nam a2200361 c 4500
003 BLK
005 20250301120016.0
008 180409b bul|||||r ||||||| ||bul||
010 _aKNG00103660000
020 _a954-528-338-6
_bиздат.: Труд
040 _aBLK
041 _aBUL
_cBUL
080 _aИстория на Русия и СССР. Вж и 936 ; 957
_b94(470)
_x(075.8)
_z94(470)(075.8)
100 1 _aОрлов, Александър Сергеевич
_eпърви автор
_9307757
700 1 _aПетков, Димитър
_eпрев.
_9365920
700 1 _aДимитрова, Петя
_gПетрова, Петя Димитрова
_9365654
139 _aИстория на Русия
_bИ 95
245 1 0 _aИстория на Русия
_bОт най-древни времена до наши дни : Учебник
_cАлександър Сергеевич Орлов; прев. Димитър Петков; прев. Петя Димитрова.
257 _aRUS
260 София
_bТруд
_c2002
_fСофия : Инвестпрес
300 _a624 с.
_bс портр., к.
_c23 см
380 _a9
650 4 _aРусия - история
_9249464
651 4 _aРусия
_9179465
653 _aистория
653 _aРусия
852 _aЦб 212934
856 4 _qpdf
_u
856 4 _qpdf
_u
942 _cKNG
_n0
_013
944 _aCR
_c01.01.2002
_k30545
_lНора Радева
944 _aED
_c28.11.2014
_kВиолета_Тройчева
999 _c98711
_d98711